| 000 | 01066nam0a2200313 4500 | ||
|---|---|---|---|
| 001 | RU\NLR\bibl\1035571 | ||
| 005 | 20070206111141.0 | ||
| 010 |
_a5-222-10029-4 _93000 |
||
| 021 |
_aRU _b2007-3708 _9187 |
||
| 035 | _a(NLR Aleph) 001023005 | ||
| 090 |
_a710499 _c710499 |
||
| 100 | _a20070124d2007 u y0rusy50 ca | ||
| 101 | 0 | _arus | |
| 102 | _aRU | ||
| 105 | _ay ||||||||| | ||
| 200 | 1 |
_aРасследование убийств _fС.В. Шошин |
|
| 210 |
_aРостов-на-Дону _cФеникс _d2007 |
||
| 215 |
_a345 с. _d20 |
||
| 225 | 1 | _aСерия "Библиотека юриста" | |
| 320 | _aБиблиогр.: с. 320-343 (236 назв.) | ||
| 606 | 1 |
_aУбийство _xРасследование _yРоссийская Федерация _92126287 _3RU\NLR\auth\661283391 |
|
| 686 | _aХ629.431.311 | ||
| 700 | 1 |
_aШошин _bС. В. _gСергей Владимирович _4070 |
|
| 801 | 0 |
_aRU _bNLR _c20070124 _gRCR |
|
| 801 | 1 |
_aRU _bNLR _c20070124 |
|
| 830 | _aавт. по кн. | ||
| 942 | _cBOOK | ||
| 980 | _aNB | ||